000
00321nam a2200133Ia 4500
008
191201s2012 xx 000 0 und d
082
_a
621.8
_b
RAM
100
_a
RAO, JS
245
0
_a
Mechanism and machine theory
250
_a
Rep
260
_c
2012
_b
New Age International
_a
NEW DELHI
300
_a
605
942
_2
ddc
_c
BK
999
_c
8024
_d
8024